[Event "BLR-ch 69th"]
[Site "Minsk"]
[Date "2003.03.08"]
[Round "9"]
[White "Surma, Dmitry"]
[Black "Smirnov, Valerij"]
[Result "1-0"]
[WhiteElo "2383"]
[BlackElo "2400"]
[PlyCount "87"]
[EventDate "2003.02.28"]
[EventType "tourn"]
[EventRounds "13"]
[EventCountry "BLR"]
[EventCategory "8"]
[SourceTitle "CBM 093 Extra"]
[Source "ChessBase"]
[SourceDate "2003.05.09"]
[SourceVersion "1"]
[SourceVersionDate "2003.05.09"]
[SourceQuality "1"]

1. e4 c5 2. Nc3 Nc6 3. g3 g6 4. Bg2 Bg7 5. d3 d6 6. f4 Nf6 7. Nf3 0-0 8. 0-0 Bg4 9. h3 Bxf3 10. Bxf3 Rb8 11. Ne2 Nd4 12. Bg2 b5 13. c3 Nxe2+ 14. Qxe2 b4 15. c4 Nd7 16. Be3 Rb6 17. Rad1 Ra6 18. b3 Nb8 19. Rf2 Nc6 20. Rdf1 Bd4 21. Bxd4 Nxd4 22. Qd1 e6 23. h4 f5 24. h5 Rf7 25. g4 Kf8 26. exf5 exf5 27. Bd5 Rc7 28. hxg6 fxg4 29. f5 Qg5 30. Rg2 h5 31. Qe1 Qf6 32. Qd2 Re7 33. Qh6+ Ke8 34. Qxh5 Kd7 35. Qxg4 Rg7 36. Rff2 Nc6 37. Qg5 Qa1+ 38. Rf1 Qd4+ 39. Kh2 Ne5 40. Be4 Rg8 41. g7 Nf7 42. Qg6 Qe5+ 43. Kh1 Nd8 44. Bd5 1-0

[Event "BLR-ch 69th"]
[Site "Minsk"]
[Date "2003.03.01"]
[Round "2"]
[White "Dydyshko, Viacheslav"]
[Black "Surma, Dmitry"]
[Result "1-0"]
[WhiteElo "2536"]
[BlackElo "2383"]
[PlyCount "127"]
[EventDate "2003.02.28"]
[EventType "tourn"]
[EventRounds "13"]
[EventCountry "BLR"]
[EventCategory "8"]
[SourceTitle "CBM 093 Extra"]
[Source "ChessBase"]
[SourceDate "2003.05.09"]
[SourceVersion "1"]
[SourceVersionDate "2003.05.09"]
[SourceQuality "1"]

1. d4 d5 2. c4 c6 3. Nf3 Nf6 4. e3 e6 5. Bd3 Nbd7 6. 0-0 Be7 7. Nc3 0-0 8. e4 dxe4 9. Nxe4 Nxe4 10. Bxe4 c5 11. Bc2 cxd4 12. Nxd4 Nf6 13. Bg5 Qa5 14. Nf3 Rd8 15. Qe2 Bd7 16. Ne5 Be8 17. a3 h6 18. b4 Qa6 19. Bh4 Rd4 20. Nf3 Rdd8 21. Bd3 Rac8 22. Rfd1 b6 23. Ne5 Ba4 24. Rd2 Be8 25. Ng4 Qa4 26. Nxf6+ Bxf6 27. Bxf6 gxf6 28. Rad1 Kf8 29. Bc2 Rxd2 30. Qxd2 Qxa3 31. Qxh6+ Ke7 32. Qd2 Ba4 33. Bxa4 Qxa4 34. Qd6+ Ke8 35. h4 Qc6 36. Qxc6+ Rxc6 37. Rd4 Kf8 38. g4 Kg7 39. b5 Rc5 40. Kg2 e5 41. Re4 a6 42. bxa6 Ra5 43. f4 exf4 44. Rxf4 Rxa6 45. Kf3 Ra1 46. Ke4 Rd1 47. Ke3 Kg6 48. Rf5 Rg1 49. h5+ Kg7 50. Rf4 Rd1 51. Rd4 Re1+ 52. Kf4 Re2 53. Rd6 Rb2 54. Ke4 b5 55. c5 Rg2 56. Kd5 Rxg4 57. Rb6 Rg5+ 58. Kd6 Rxh5 59. c6 Rh1 60. c7 Rd1+ 61. Ke7 Rc1 62. Kd7 b4 63. c8Q Rxc8 64. Kxc8 1-0

[Event "BLR-ch"]
[Site "Minsk"]
[Date "2000.??.??"]
[Round "11"]
[White "Surma, Dmitry"]
[Black "Kasparov, Sergey"]
[Result "0-1"]
[WhiteElo "2371"]
[BlackElo "2465"]
[PlyCount "80"]
[EventDate "2000.??.??"]
[EventType "tourn"]
[EventRounds "11"]
[EventCountry "BLR"]
[EventCategory "7"]
[SourceTitle "EXT 2001"]
[Source "ChessBase"]
[SourceDate "2000.11.22"]
[SourceVersion "1"]
[SourceVersionDate "2000.11.22"]
[SourceQuality "1"]

1. d4 Nf6 2. c4 c5 3. d5 b5 4. cxb5 a6 5. b6 Qxb6 6. Nc3 d6 7. e4 g6 8. f4 Bg7 9. Nf3 0-0 10. Bc4 Bd7 11. a4 Qb4 12. Qb3 Qxb3 13. Bxb3 e6 14. dxe6 Bxe6 15. Bxe6 fxe6 16. 0-0 Nc6 17. Rd1 Rad8 18. h3 d5 19. Ng5 Rfe8 20. e5 Nd7 21. Ne2 h6 22. Nf3 Rf8 23. Ra3 Rb8 24. Nh4 Kh7 25. Rg3 Ne7 26. Nc3 Rb4 27. Rgd3 g5 28. Nf3 gxf4 29. Re1 Nb6 30. a5 Nc4 31. Na2 Rb5 32. b4 Nc6 33. bxc5 Rxa5 34. Nc3 N4xe5 35. Nxe5 Nxe5 36. Rdd1 Rf7 37. Nxd5 exd5 38. Rxd5 f3 39. Be3 Ra2 40. Bf2 fxg2 0-1

[Event "BLR-ch"]
[Site "Minsk"]
[Date "2000.??.??"]
[Round "1"]
[White "Surma, Dmitry"]
[Black "Kovalev, Andrei"]
[Result "0-1"]
[WhiteElo "2371"]
[BlackElo "2490"]
[PlyCount "86"]
[EventDate "2000.??.??"]
[EventType "tourn"]
[EventRounds "11"]
[EventCountry "BLR"]
[EventCategory "7"]
[SourceTitle "EXT 2001"]
[Source "ChessBase"]
[SourceDate "2000.11.22"]
[SourceVersion "1"]
[SourceVersionDate "2000.11.22"]
[SourceQuality "1"]

1. e4 c5 2. Nf3 Nc6 3. Bb5 e6 4. 0-0 Nge7 5. c3 a6 6. Ba4 b5 7. Bc2 Bb7 8. d3 d5 9. Qe2 Ng6 10. e5 d4 11. Re1 Be7 12. Nbd2 0-0 13. c4 Qd7 14. b3 Rae8 15. a3 Ba8 16. Bd1 Qb7 17. Qf1 Qb8 18. Qe2 Bd8 19. cxb5 axb5 20. a4 Bc7 21. Ne4 Ncxe5 22. Nxe5 Bxe5 23. Qh5 Bxe4 24. Rxe4 f5 25. Re1 Bf4 26. g3 Bxc1 27. Rxc1 Kh8 28. Qe2 bxa4 29. bxa4 Qb4 30. Rc4 Qa5 31. Kf1 e5 32. Qc2 e4 33. dxe4 Ne5 34. Rxc5 Qa6+ 35. Kg1 Nd3 36. Rf1 Nxc5 37. Qxc5 fxe4 38. Qxd4 e3 39. Bg4 Qg6 40. Bd7 Rd8 41. Qc5 exf2+ 42. Kg2 Qe4+ 43. Kh3 Rf6 0-1

[Event "BLR-ch"]
[Site "Minsk"]
[Date "2000.??.??"]
[Round "3"]
[White "Surma, Dmitry"]
[Black "Kupreichik, Viktor D"]
[Result "0-1"]
[WhiteElo "2371"]
[BlackElo "2480"]
[PlyCount "100"]
[EventDate "2000.??.??"]
[EventType "tourn"]
[EventRounds "11"]
[EventCountry "BLR"]
[EventCategory "7"]
[SourceTitle "EXT 2001"]
[Source "ChessBase"]
[SourceDate "2000.11.22"]
[SourceVersion "1"]
[SourceVersionDate "2000.11.22"]
[SourceQuality "1"]

1. d4 d5 2. Nf3 Nf6 3. c4 e6 4. Nc3 Bb4 5. Qa4+ Nc6 6. Ne5 Bd7 7. Nxd7 Nxd7 8. cxd5 Nb6 9. Qb5 Nxd5 10. Bd2 0-0 11. e3 a6 12. Qd3 Nf6 13. a3 Bd6 14. Be2 e5 15. dxe5 Nxe5 16. Qc2 c5 17. f4 Nc6 18. 0-0 Rc8 19. Bf3 b5 20. Ne2 c4 21. e4 Bc5+ 22. Kh1 Re8 23. Rad1 Qe7 24. e5 Nd7 25. Bc3 Nf8 26. Ng3 Red8 27. Rxd8 Qxd8 28. Rd1 Qb6 29. Qe4 a5 30. Qf5 Rd8 31. Rxd8 Qxd8 32. Nh5 Ne6 33. Qe4 Ncd4 34. Bg4 b4 35. axb4 axb4 36. Be1 Bf8 37. h3 Nc5 38. Qb1 Nd3 39. Kh2 Qa8 40. Bd2 Nb3 41. Be3 Qe4 42. Bb6 Nd2 43. Qd1 c3 44. bxc3 bxc3 45. e6 Ne1 46. exf7+ Kxf7 47. Bf3 Nexf3+ 48. gxf3 Nxf3+ 49. Kg2 Nh4+ 50. Kf2 c2 0-1

[Event "Minsk Zepter op"]
[Site "Minsk"]
[Date "1998.05.03"]
[Round "9"]
[White "Kovalev, Andrei"]
[Black "Surma, Dmitry"]
[Result "1/2-1/2"]
[WhiteElo "2440"]
[BlackElo "2270"]
[PlyCount "150"]
[EventDate "1998.04.25"]
[EventType "swiss"]
[EventRounds "9"]
[EventCountry "BLR"]
[SourceTitle "CBM 064 Extra"]
[Source "ChessBase"]
[SourceDate "1998.07.07"]
[SourceVersion "1"]
[SourceVersionDate "1998.07.07"]
[SourceQuality "1"]

1. e4 e5 2. Nf3 Nc6 3. Bb5 Nf6 4. 0-0 Nxe4 5. d4 Nd6 6. Bxc6 dxc6 7. dxe5 Nf5 8. Qxd8+ Kxd8 9. Nc3 a5 10. Re1 h6 11. Ne2 Bc5 12. Nf4 Be6 13. Bd2 Ke8 14. a3 a4 15. Bb4 Bb6 16. Rad1 Rd8 17. Rxd8+ Kxd8 18. Bc3 Bc5 19. Bb4 Bb6 20. Rd1+ Ke8 21. Nh5 Rg8 22. h3 Bd5 23. Ne1 Ne7 24. Rd3 Be4 25. Rg3 Bg6 26. Nf4 Bf5 27. Ned3 Nd5 28. Bd2 Kf8 29. c4 Nxf4 30. Nxf4 Bd4 31. Be3 Bxe3 32. Rxe3 Ke7 33. g4 Be6 34. Kg2 Rd8 35. Kf3 Rd2 36. b3 axb3 37. Rxb3 b6 38. Rc3 Rd4 39. c5 Rc4 40. Rxc4 Bxc4 41. Ke3 Bf1 42. h4 g5 43. hxg5 hxg5 44. Nh5 Bc4 45. Kd4 Be2 46. Nf6 Ke6 47. Ne4 Bxg4 48. Nxg5+ Ke7 49. f3 Bc8 50. Ne4 Bh3 51. f4 Bg4 52. Ng3 Bf3 53. Nf5+ Ke6 54. Ne3 Be2 55. f5+ Ke7 56. Ng2 Bd1 57. Nf4 Bc2 58. f6+ Kd7 59. e6+ fxe6 60. Ke5 Bb3 61. a4 Ba2 62. Nd3 Bb1 63. Nb4 Bg6 64. Na6 Kc8 65. Kxe6 Kb7 66. Nb4 bxc5 67. Na2 Kb6 68. Nc3 Ka5 69. Kd7 Kb4 70. Ne2 Kxa4 71. Kxc7 c4 72. Nf4 c3 73. Nxg6 c2 74. f7 c1Q 75. f8Q Qg5 1/2-1/2